Black British feminism : a reader

Αποθηκεύτηκε σε:
Λεπτομέρειες βιβλιογραφικής εγγραφής
Άλλοι συγγραφείς: Mirza, Heidi Safia 1958- (Επιμελητής έκδοσης)
Μορφή: Βιβλίο
Γλώσσα:English
Δημοσίευση: London; New York : Routledge, [c1997]
Θέματα:
Ετικέτες: Προσθήκη ετικέτας
Δεν υπάρχουν, Καταχωρήστε ετικέτα πρώτοι!

MARC

LEADER 00000nam a2200000 i 4500
001 1/33802
008 060828s1997 eng d
020 |a 0-415-15289-5 (pbk.) 
035 |l 10085046 
040 |a GR-MY-UA  |b gre  |e aacr 
041 0 |a eng 
082 0 |a 305.4896041  |2 (22) 
245 1 0 |a Black British feminism :  |b a reader /  |c edited by Heidi Safia Mirza 
260 |a London; New York :   |b Routledge,   |c [c1997] 
300 |a xiv, 306 σ.;  |c 24 εκ. 
504 |a Περιλαμβάνει βιβλιογραφικές αναφορές και ευρετήριο 
650 0 0 |a Women, Black  |z Great Britain  |x Social conditions. 
650 0 0 |a Blacks  |z Great Britain  |x Social conditions. 
650 0 0 |a Feminism  |z Great Britain  |x Societies, etc. 
651 0 |a Great Britain  |x Race relations. 
700 1 |a Mirza, Heidi Safia  |d 1958-  |4 edt 
852 |a INST  |b RHODES  |e 20060828  |h 305.48896041 BLA  |p 005400024265  |q 005400024265  |t BK  |y 0 
901 |a BIBL4-2006-2 
909 |a Ρ  |b 129047 
920 |a ΑΝΑΜΟΡΦΩΣΗ  |b ΕΠΕΑΕΚ ΙΙ-ΤΕΠΑΕΣ  |y ΡΟΔΟΣ  |z 2006-07 
970 |a ΚΟΖΑ  |b ΜΑΡΙΑ  |z 2006/08/28